Statistics for Countries, US States, Capitals, Elements, 100 Most Common Words: by Repeated Letter Block

Click here to take the quiz!

General Stats

  • This quiz has been taken 64 times
  • The average score is 4 of 5

Answer Stats

hintAnswer% Correct
ISSIMississippi
95%
EINEinsteinium
93%
ANAAntananarivo
84%
PHOPhosphorus
84%
ABAAddis Ababa
74%

Score Distribution

Percentile by Number Answered

Percent of People with Each Score

Your Score History

You have not taken this quiz